Culture Générale - Série 1215 - Statistiques

Statistiques générales
  • Ce quiz a été pris 94 fois
  • Le résultat moyen est 4 sur 10
Statistiques - réponses
Question Réponse % Correct
Sur quelle île d'Italie se trouve la ville de Catane ? Sicile
94%
Lorsque vous êtes garé, pare-choc contre pare-choc, dans l'intervalle disponible entre 2 véhicules en stationnement, vous avez effectué un ... créneau
89%
Quel légume est la bintje ? pomme de terre
66%
En 1979, dans quelle grande ville française fut créé le festival des Trans-Musicales ? Rennes
39%
En 622, lors de l'Hégire, dans quelle ville Mahomet s'établit-il ? Médine
30%
Dans la mythologie grecque, sous les traits de quel animal Amalthée, qui allaite Zeus enfant, est-elle parfois représentée ? chèvre
29%
Quel mot désigne à la fois un poisson à chair blanche et une voiture de remplacement pour un pilote de courses ? mulet
24%
Quel mot désigne à la fois un escargot et une des cavités de l'oreille en forme d'hélice ? limaçon
15%
Quel biochimiste français, prénommé Jacques, est l'auteur de l'ouvrage "Le Hasard et la Nécessité", publié en 1970 ? Jacques Monod
6%
Dans la tragédie de Racine “Phèdre”, comment se prénomme celle dont Hippolyte est amoureux ? Aricie
2%
Aucun quiz correspondant
Distribution des résultats
% des personnes avec chaque résultat
Percentile par nombre de réponses
Votre historique - résultats
Vous n’avez pas pris ce quiz